Normal view MARC view

Entry Personal Name

Number of records used in: 1

001 - CONTROL NUMBER

  • control field: 9554

003 - CONTROL NUMBER IDENTIFIER

  • control field: DLC

005 - DATE AND TIME OF LATEST TRANSACTION

  • control field: 20230921133826.0

008 - FIXED-LENGTH DATA ELEMENTS

  • fixed length control field: 870112n| azannaabn |a aaa

010 ## - LIBRARY OF CONGRESS CONTROL NUMBER

  • LC control number: n 85211502

035 ## - SYSTEM CONTROL NUMBER

  • System control number: (OCoLC)oca01751742

040 ## - CATALOGING SOURCE

  • Original cataloging agency: DLC
  • Language of cataloging: eng
  • Description conventions: rda
  • Transcribing agency: DLC
  • Modifying agency: OCoLC
  • Modifying agency: DLC
  • Modifying agency: IEN

100 1# - HEADING--PERSONAL NAME

  • Personal name: Ray, Himanshu Prabha

370 ## - ASSOCIATED PLACE

  • Place of residence/headquarters: New Delhi (India)
  • Source of term: naf

372 ## - FIELD OF ACTIVITY

  • Field of activity: History
  • Field of activity: Archaeology
  • Source of term: lcsh

373 ## - ASSOCIATED GROUP

  • Associated group: National Monuments Authority

373 ## - ASSOCIATED GROUP

  • Associated group: Jawaharlal Nehru University. Centre for Historical Studies
  • Source of term: naf

374 ## - OCCUPATION

  • Occupation: Chairperson

374 ## - OCCUPATION

  • Occupation: College teachers
  • Source of term: lcsh

375 ## - GENDER

  • Gender: female

377 ## - ASSOCIATED LANGUAGE

  • Language code: eng

400 0# - SEE FROM TRACING--PERSONAL NAME

  • Personal name: Himanshu Prabha Ray

400 1# - SEE FROM TRACING--PERSONAL NAME

  • Personal name: Prabha Ray, Himanshu

400 1# - SEE FROM TRACING--PERSONAL NAME

  • Personal name: Ray, Himanshu P.
  • Fuller form of name: (Himanshu Prabha)

400 1# - SEE FROM TRACING--PERSONAL NAME

  • Personal name: Ray, H. P.
  • Fuller form of name: (Himanshu Prabha)

670 ## - SOURCE DATA FOUND

  • Source citation: His Monastery and guild, 1986:
  • Information found: t.p. (Himanshu Prabha Ray) jkt. (Dr.; H.P. Ray, Centre for Hist. Studies, Jawaharlal Nehru U.) cover (Himanshu P. Ray)

670 ## - SOURCE DATA FOUND

  • Source citation: Indian world heritage sites in context, 2014:
  • Information found: t.p. (Himanshu Prabha Ray) jkt. (currently chairperson of National Monuments Authority, New Delhi, former professor, Centre for Historical Studies, Jawaharlal Nehru University, New Delhi)

Powered by Koha